01591nam a2200313 a 4500001001000000005001700010008004100027041000800068044000800076084002000084100004500104245008500149260004500234300002200279500029100301500018700592500006700779500001000846546002400856650005200880650005600932650003400988650004501022700004901067700003601116700004101152700003401193740005001227BRCA_332920190320204227.0240309m18801881enka---###---#000-0#eng-# aeng aenk a623b.N56c18801 aCervantes Saavedra, Miguel ded1547-161610aThe History of Don Quixote de la ManchacTranslated from the Spanish by Motteux. aLondresbJ. C. Nimmo and Bainc1880-1881 a4 v.bil.c20 cm. aContenido : v.1. Primera parte. Noticia biográfica sobre P. A. Motteux por Henry van Laun. Vida de Cervantes por Lockhart. Prólogo del autor. Notas. 1880. -- v.2. Primera parte. Notas. 1881. -- v.3. Segunda parte. Prólogo del autor. Notas. 1881. -- v.4. Segunda parte. Notas. 1881 aEdición : Edited with Notes and Momeir by G. Lockhart, Preceded by a Short Notice of the Life and Works of Motteux by Henry val Laun. With 16 Originally Etchins by R. de los Ríos aEjemplar por completo igual al anterior [622] Lúdovik Osterc aQM481 aTexto en : inglés14aNovela españolayÉpoca clásica, 1500-170014aLiteratura españolayÉpoca clásica, 1500-170014aNovela españolaySiglo XVII14aDon Quijote (Personaje ficticio)eNovela1 aMotteux, Peter Anthonyd1663-1718eTraductor1 aLockhart, John GibsoneAnotador1 aLaun, Henry vand1820-1896eAnotador1 aRíos, R. de loseIlustrador0 aEl Ingenioso Hidalgo Don Quijote de la Mancha